000 01178nam a2200361 i 4500
003 EG-GICUC
005 20260416102052.0
008 260416s1959 fr |||fr|||| 00| 0 fre d
040 _aEG-GiCUC
_bfre
_cEG-GiCUC
_dEG-GiCUC
_eRda
041 0 _afre
082 0 4 _221
_a343.1
_bGA . C
092 0 4 _221
099 _aLaw1 10 343.1 GA . C 1959
100 1 _aGarçon, Émile
_eAuteur
245 1 0 _aCode Pénal Annoté /
_cPar Émile Garçon.
_nTome Troisième
250 _bNouvelle Edition Entièrement Refondue Et Mise a Jour
264 1 _aParis :
_bLibrairie Sirey,
_c1959.
300 _a576 page ;
_c 24 cm.
_billustration ;
336 _2rda contenu
_a texte
337 _2rda medias
_aOrdinateur
338 _2 transporteur rda
_a Ressource en ligne
504 _aBibliography: pages 200-250. 240-220
546 _aTexte en français
650 1 _aDroit Pénal Général
_2qrmak
650 1 _aDroit De Pénal
_2qrmak
651 1 _2qrmak
700 1 _aMarcel Rousselet
_eAuteur
700 1 _aMaurice Patin
_eAuteur
700 1 _aMarc Ancel
_eAuteur
856 4 0 _uhttps://fll.law.cu.edu.eg/fulltext/bks/B10-09551.pdf
905 _a158
942 _2ddc
_cBK
_e21
_n0
999 _c71346
_d71346